000 00547nam a2200193Ia 4500
005 20260429112053.0
008 260429s9999||||xx |||||||||||||| ||und||
020 _a9781666871227
041 _aEnglish
082 _a658.3
_bHAR
100 _aHarrison, Jeff 
245 0 _aStrategic role of human resource management /
_cJeff Harrison
250 _a1st ed.
260 _aWilmington :
_bAmerican Academic Publisher,
_c2024.
300 _ax, 313 p.; hb
650 _a Strategic planning
650 _aHuman resource management
942 _cTB
999 _c52194
_d52194